Champions League 2024-2025 - Statistics

General Stats
  • This quiz has been taken 91 times
  • The average score is 16 of 36
Answer Stats
Answer % Correct
Real Madrid
90%
Barcelona
84%
Liverpool
82%
Atletico Madrid
81%
Arsenal
79%
Manchester City
76%
Paris Saint-Germain
75%
Aston Villa
73%
Borussia Dortmund
70%
Inter
67%
AC Milan
66%
Juventus
61%
Girona
54%
Atalanta
51%
Monaco
51%
Benfica
49%
Brest
48%
Lille
46%
Leverkusen
43%
Bayern Munchen
40%
RB Leipzig
36%
Club Brugge
34%
PSV
33%
Bologna
31%
Feyenoord
30%
Stuttgart
28%
Sturm Graz
27%
Young Boys
24%
Dinamo Zagreb
19%
RB Salzburg
19%
Slovan Bratislava
18%
Celtic
15%
Sporting CP
13%
Crvena Zvezda
12%
Sparta Praha
7%
Shaktar Donetsk
1%
No matching quizzes found
Score Distribution
Percent of People with Each Score
Percentile by Number Answered
Your Score History
You have not taken this quiz